00329nam a2200121Ia 4500100000900000942000700009245005300016260000900069082001000078546001200088999001700100952009000117 a#N/A cBK aNISES Control System Engineering by Rajeev Gupta b#N/A b22325 aENGLISH c26315d26315 001040708CDaCRCEbCRCEd2023-03-17l0o 22325pCD2428r2023-03-17w2023-03-17yBK